000 00287nam a22001097a 4500
008 230620b xxu||||| |||| 00| 0 eng d
082 _a327.34
_bWIL
245 _aCongress, The Executive, & Foreign Policy
260 _aNew York
_bHarper & Row Publishers
300 _a179p
942 _2ddc
_cBK
999 _c1917
_d1917